[Event "USA tt"]
[Site "ICC INT"]
[Date "2014.10.28"]
[Round "10"]
[White "Ramachandran, Karthik N"]
[Black "Golub, David"]
[Result "0-1"]
[WhiteElo "2142"]
[BlackElo "2183"]
[PlyCount "88"]
[EventDate "2014.08.26"]
[EventType "team-tourn"]
[EventRounds "10"]
[EventCountry "USA"]
[SourceTitle "EXT 2015"]
[Source "ChessBase"]
[SourceDate "2014.11.20"]
[SourceVersion "1"]
[SourceVersionDate "2014.11.20"]
[SourceQuality "1"]
[WhiteTeam "Dallas"]
[BlackTeam "Seattle"]
[WhiteTeamCountry "USA"]
[BlackTeamCountry "USA"]

1. e4 e5 2. Nf3 Nc6 3. Bb5 Nf6 4. 0-0 Nxe4 5. d4 Nd6 6. Bxc6 dxc6 7. dxe5 Nf5 8. Qxd8+ Kxd8 9. Nc3 Ke8 10. Re1 Bb4 11. Bd2 Bxc3 12. Bxc3 h6 13. h3 Be6 14. Rad1 c5 15. Nd2 b6 16. f4 h5 17. Ne4 h4 18. Kf2 Rd8 19. Rxd8+ Kxd8 20. Rd1+ Kc8 21. a3 a5 22. Ng5 Kb7 23. Nxe6 fxe6 24. Kf3 Kc6 25. Be1 Nd4+ 26. Ke4 Nxc2 27. Bf2 Nd4 28. Bxd4 Rd8 29. a4 g6 30. Rd3 Rxd4+ 31. Rxd4 cxd4 32. Kxd4 b5 33. axb5+ Kxb5 34. Ke3 c5 35. Kf3 a4 36. Kg4 c4 37. Kxh4 a3 38. bxa3 c3 39. Kg5 c2 40. Kxg6 c1Q 41. Kg5 Qxa3 42. Kf6 Qf8+ 43. Kxe6 Qxf4 44. Kd5 Qd2+ 0-1

[Event "USA tt"]
[Site "ICC INT"]
[Date "2014.10.15"]
[Round "8"]
[White "Ramachandran, Karthik N"]
[Black "Taghizadeh, Rayan"]
[Result "1-0"]
[WhiteElo "2142"]
[BlackElo "2050"]
[PlyCount "81"]
[EventDate "2014.08.26"]
[EventType "team-tourn"]
[EventRounds "10"]
[EventCountry "USA"]
[SourceTitle "EXT 2015"]
[Source "ChessBase"]
[SourceDate "2014.11.20"]
[SourceVersion "1"]
[SourceVersionDate "2014.11.20"]
[SourceQuality "1"]
[WhiteTeam "Dallas"]
[BlackTeam "San Francisco"]
[WhiteTeamCountry "USA"]
[BlackTeamCountry "USA"]

1. d4 Nf6 2. c4 e6 3. Nc3 Bb4 4. Nf3 d5 5. cxd5 exd5 6. Bg5 0-0 7. e3 h6 8. Bh4 g5 9. Bg3 Ne4 10. Nd2 c5 11. Ndxe4 dxe4 12. Bc4 b5 13. Bb3 Qe7 14. Qh5 Kh7 15. dxc5 Bxc3+ 16. bxc3 Qxc5 17. 0-0 Be6 18. Bxe6 fxe6 19. Rfd1 Qf5 20. Rd6 a5 21. Rad1 Ra7 22. Rd8 Raf7 23. h3 Rxd8 24. Rxd8 Nd7 25. Qd1 Nf8 26. Qd6 h5 27. Qd2 e5 28. Qd5 Ng6 29. Re8 h4 30. Bxe5 Qxf2+ 31. Kh2 Qf5 32. Qxb5 g4 33. hxg4 Qxg4 34. Qd5 Rf2 35. Qg8+ Kh6 36. Bg7+ Kg5 37. Qd5+ Rf5 38. Qd8+ Kh5 39. Qd6 Qg5 40. Rxe4 Rf2 41. Qd1+ 1-0

[Event "USA tt"]
[Site "ICC INT"]
[Date "2014.09.09"]
[Round "3"]
[White "Kim, Yoon Young"]
[Black "Ramachandran, Karthik N"]
[Result "0-1"]
[WhiteElo "1829"]
[BlackElo "2142"]
[PlyCount "114"]
[EventDate "2014.08.26"]
[EventType "team-tourn"]
[EventRounds "10"]
[EventCountry "USA"]
[SourceTitle "CBM 162 Extra"]
[Source "ChessBase"]
[SourceDate "2014.10.17"]
[SourceVersion "1"]
[SourceVersionDate "2014.10.17"]
[SourceQuality "1"]
[WhiteTeam "Connecticut"]
[BlackTeam "Dallas"]
[WhiteTeamCountry "USA"]
[BlackTeamCountry "USA"]

1. d4 Nf6 2. c4 e6 3. g3 d5 4. Nf3 dxc4 5. Bg2 Nc6 6. Qa4 Bb4+ 7. Bd2 Bxd2+ 8. Nbxd2 0-0 9. Qxc4 Qd5 10. 0-0 Rd8 11. e3 Qxc4 12. Nxc4 Bd7 13. Rac1 Nb4 14. a3 Nbd5 15. Nfe5 Bb5 16. Rfd1 c6 17. Na5 Rab8 18. b3 Ne7 19. Rd2 Nfd5 20. e4 Nb6 21. a4 Ba6 22. f3 f6 23. Ng4 e5 24. Rcd1 Rxd4 25. Rxd4 exd4 26. Rxd4 Kf7 27. Kf2 c5 28. Rd1 c4 29. bxc4 Nxa4 30. Ne3 b6 31. Nb3 Nb2 32. Rd7 Rb7 33. Rxb7 Bxb7 34. Bf1 a5 35. Ke1 f5 36. exf5 Bxf3 37. c5 bxc5 38. Nxc5 a4 39. Kd2 a3 40. Kc2 Nd5 41. Nxd5 Bxd5 42. Ne6 Nd1 43. Nd8+ Ke8 44. Ne6 a2 45. Nc7+ Kf7 46. Nxd5 a1Q 47. Bc4 Qb2+ 48. Kxd1 Qd4+ 49. Ke1 Qxc4 50. Ne3 Qd3 51. Kf2 Qd2+ 52. Kf3 Qxh2 53. Ng4 Qh1+ 54. Kf2 Qe4 55. Ne3 Kf6 56. Ke2 Ke5 57. Kf2 Kd4 0-1

[Event "Washington op 3rd"]
[Site "Rockville"]
[Date "2014.08.10"]
[Round "4"]
[White "Homa, Seth"]
[Black "Ramachandran, Karthik N"]
[Result "1-0"]
[WhiteElo "2378"]
[BlackElo "2142"]
[PlyCount "103"]
[EventDate "2014.08.09"]
[EventType "swiss"]
[EventRounds "9"]
[EventCountry "USA"]
[SourceTitle "CBM 161 Extra"]
[Source "ChessBase"]
[SourceDate "2014.08.29"]
[SourceVersion "1"]
[SourceVersionDate "2014.08.29"]
[SourceQuality "1"]

1. d4 Nf6 2. Nf3 e6 3. Bg5 d5 4. Nbd2 Be7 5. e3 0-0 6. Bd3 b6 7. 0-0 Bb7 8. Ne5 Ne4 9. Bxe7 Qxe7 10. f3 Nxd2 11. Qxd2 f6 12. Ng4 Nd7 13. Rae1 f5 14. Nf2 Qd6 15. c3 e5 16. c4 Rad8 17. Qc2 g6 18. Rd1 c5 19. cxd5 exd4 20. exd4 Bxd5 21. Bb5 Rc8 22. Qa4 Rfd8 23. dxc5 Nxc5 24. Qh4 Ne6 25. Rfe1 Qf4 26. Qf6 Rf8 27. Qe7 Rf7 28. Qa3 Nc7 29. Bf1 a5 30. Qc3 Rd8 31. Nd3 Qd6 32. Ne5 Rff8 33. Rc1 Ne6 34. Red1 Qc5+ 35. Qxc5 bxc5 36. b3 a4 37. bxa4 Bxa2 38. Nd7 Rf7 39. Nb6 Nd4 40. Kf2 Rb8 41. a5 Ra7 42. Rxc5 Nb3 43. Bc4+ Kg7 44. Bxb3 Bxb3 45. Rd3 Bf7 46. h4 Rxa5 47. Rxa5 Rxb6 48. Kg3 h6 49. Rda3 Kf6 50. Ra6 Rxa6 51. Rxa6+ Be6 52. f4 1-0

[Event "US Open-115"]
[Site "Orlando"]
[Date "2014.08.01"]
[Round "7"]
[White "Moore, Nickolas Arthur"]
[Black "Ramachandran, Karthik N"]
[Result "1/2-1/2"]
[WhiteElo "2063"]
[BlackElo "2142"]
[PlyCount "29"]
[EventDate "2014.07.26"]
[EventType "swiss"]
[EventRounds "9"]
[EventCountry "USA"]
[SourceTitle "CBM 161 Extra"]
[Source "ChessBase"]
[SourceDate "2014.08.29"]
[SourceVersion "1"]
[SourceVersionDate "2014.08.29"]
[SourceQuality "1"]

1. d4 Nf6 2. Nf3 e6 3. Bf4 d5 4. e3 Be7 5. h3 c5 6. c3 0-0 7. Bd3 b6 8. 0-0 Bb7 9. Nbd2 Ne4 10. Qc2 f5 11. Ne5 Nd7 12. f3 Nxd2 13. Qxd2 Bf6 14. Nxd7 Qxd7 15. Qf2 1/2-1/2

[Event "US Open-115"]
[Site "Orlando"]
[Date "2014.07.31"]
[Round "6"]
[White "Ramachandran, Karthik N"]
[Black "Titus, Andrew L"]
[Result "1-0"]
[WhiteElo "2142"]
[BlackElo "1809"]
[PlyCount "89"]
[EventDate "2014.07.26"]
[EventType "swiss"]
[EventRounds "9"]
[EventCountry "USA"]
[SourceTitle "CBM 161 Extra"]
[Source "ChessBase"]
[SourceDate "2014.08.29"]
[SourceVersion "1"]
[SourceVersionDate "2014.08.29"]
[SourceQuality "1"]

1. d4 d5 2. c4 e6 3. Nc3 Nf6 4. cxd5 exd5 5. Bg5 c6 6. e3 Bf5 7. Qb3 Qb6 8. Qxb6 axb6 9. Bxf6 gxf6 10. Nge2 Bd6 11. Ng3 Bxg3 12. hxg3 Nd7 13. Kd2 b5 14. Bd3 Bxd3 15. Kxd3 f5 16. Rh5 Ke7 17. Rxf5 Ra7 18. Kc2 Nf6 19. Kb3 h6 20. Rh1 Raa8 21. Rh4 Rag8 22. e4 dxe4 23. Nxe4 Nd5 24. Nc5 f6 25. Re4+ Kf7 26. Nxb7 Kg6 27. Nd6 h5 28. Rf3 Rd8 29. Nf5 Rhe8 30. Rxe8 Rxe8 31. Ne3 Re4 32. Nxd5 cxd5 33. Kb4 Rxd4+ 34. Kxb5 Rd2 35. Rb3 Rc2 36. a4 d4 37. a5 d3 38. Rxd3 Rxb2+ 39. Ka4 Rxf2 40. a6 Re2 41. a7 Re8 42. Kb5 Ra8 43. Kb6 Kf5 44. Kb7 Rxa7+ 45. Kxa7 1-0

[Event "US Open-115"]
[Site "Orlando"]
[Date "2014.07.31"]
[Round "6"]
[White "Zapata, Alonso"]
[Black "Ramachandran, Karthik N"]
[Result "1-0"]
[WhiteElo "2481"]
[BlackElo "2142"]
[PlyCount "98"]
[EventDate "2014.07.26"]
[EventType "swiss"]
[EventRounds "9"]
[EventCountry "USA"]
[SourceTitle "CBM 161 Extra"]
[Source "ChessBase"]
[SourceDate "2014.08.29"]
[SourceVersion "1"]
[SourceVersionDate "2014.08.29"]
[SourceQuality "1"]

1. e4 c6 2. d4 d5 3. exd5 cxd5 4. Bd3 Nc6 5. c3 Qc7 6. h3 Nf6 7. Nf3 g6 8. 0-0 Bg7 9. Re1 0-0 10. Nbd2 Re8 11. Nf1 Nh5 12. Ne3 Nf4 13. Bf1 e5 14. dxe5 Nxe5 15. Nd4 Bd7 16. Nec2 Ne6 17. Nxe6 Rxe6 18. Bf4 Qc5 19. Nd4 Ree8 20. Qb3 Bc6 21. Be3 Qd6 22. Rad1 a5 23. a4 Qd7 24. Nb5 Qd8 25. Bd4 Re6 26. f4 Nd7 27. Rxe6 fxe6 28. Bxg7 Kxg7 29. Nd4 Qb6 30. Qxb6 Nxb6 31. b3 Re8 32. Re1 Kf7 33. Bb5 Bxb5 34. Nxb5 Rd8 35. Kf2 Nc8 36. Ke3 Nd6 37. Kd4 Ne4 38. Re2 Ng3 39. Re1 b6 40. Ke5 Ke7 41. Nd4 Rd6 42. Re3 Ne4 43. Nb5 Rd8 44. Nd4 Rd6 45. Nb5 Rd8 46. g4 Nc5 47. f5 Nxb3 48. fxe6 Nc5 49. Nc7 Nxa4 1-0

[Event "US Open-115"]
[Site "Orlando"]
[Date "2014.07.29"]
[Round "4"]
[White "Ramachandran, Karthik N"]
[Black "Rea, Andrew"]
[Result "1/2-1/2"]
[WhiteElo "2142"]
[BlackElo "2128"]
[PlyCount "80"]
[EventDate "2014.07.26"]
[EventType "swiss"]
[EventRounds "9"]
[EventCountry "USA"]
[SourceTitle "CBM 161 Extra"]
[Source "ChessBase"]
[SourceDate "2014.08.29"]
[SourceVersion "1"]
[SourceVersionDate "2014.08.29"]
[SourceQuality "1"]

1. d4 Nf6 2. c4 e6 3. Nf3 d5 4. g3 Be7 5. Bg2 0-0 6. 0-0 Nbd7 7. Qb3 c6 8. Nc3 Qb6 9. Na4 Qa6 10. cxd5 exd5 11. Nc3 Bd6 12. Bf4 Bxf4 13. gxf4 Re8 14. e3 Nf8 15. Qc2 g6 16. Ne5 Qb6 17. Na4 Qd8 18. Nc5 Ne6 19. b4 Nxc5 20. dxc5 Bf5 21. Qb2 Nd7 22. Qd4 Nxe5 23. fxe5 Qe7 24. f4 f6 25. exf6 Qxe3+ 26. Qxe3 Rxe3 27. Rfe1 Rae8 28. Kf2 Rxe1 29. Rxe1 Rxe1 30. Kxe1 Kf7 31. Kd2 Kxf6 32. Ke3 h6 33. h4 Ke6 34. Kd4 b5 35. Ke3 Kf6 36. Bf3 Bb1 37. Bg4 Bf5 38. Bd1 Bc8 39. a4 a6 40. a5 Bd7 1/2-1/2

[Event "Canadian op 51st"]
[Site "Montreal"]
[Date "2014.07.26"]
[Round "9"]
[White "Ramachandran, Karthik N"]
[Black "Fleites Marti, Yuleikys"]
[Result "1/2-1/2"]
[WhiteElo "2153"]
[BlackElo "2163"]
[PlyCount "73"]
[EventDate "2014.07.19"]
[EventType "swiss"]
[EventRounds "9"]
[EventCountry "CAN"]
[SourceTitle "CBM 161 Extra"]
[Source "ChessBase"]
[SourceDate "2014.08.29"]
[SourceVersion "1"]
[SourceVersionDate "2014.08.29"]
[SourceQuality "1"]

1. d4 d5 2. c4 c6 3. Nf3 Nf6 4. e3 e6 5. b3 Bd6 6. Bb2 0-0 7. Bd3 Qe7 8. 0-0 c5 9. Ne5 Nc6 10. Nd2 cxd4 11. exd4 Ba3 12. Bxa3 Qxa3 13. cxd5 Nxd4 14. Ndc4 Qc5 15. dxe6 Bxe6 16. Re1 Rad8 17. Qc1 Nc6 18. Nxc6 Qxc6 19. Ne5 Qxc1 20. Raxc1 Ng4 21. Rc3 Nxe5 22. Rxe5 Rc8 23. Rxc8 Rxc8 24. f4 g6 25. Kf2 Kg7 26. Re2 Rc3 27. Be4 b6 28. Rc2 Rxc2+ 29. Bxc2 Bd5 30. g3 Kf6 31. Ke3 Ke7 32. Kd4 Bf3 33. b4 f6 34. h4 Ke6 35. Bd3 Bg4 36. Bc4+ Kd6 37. Bg8 1/2-1/2

[Event "Canadian op 51st"]
[Site "Montreal"]
[Date "2014.07.22"]
[Round "5"]
[White "Ramachandran, Karthik N"]
[Black "Kleinplatz, Sam"]
[Result "1/2-1/2"]
[WhiteElo "2153"]
[BlackElo "2257"]
[PlyCount "135"]
[EventDate "2014.07.19"]
[EventType "swiss"]
[EventRounds "9"]
[EventCountry "CAN"]
[SourceTitle "CBM 161 Extra"]
[Source "ChessBase"]
[SourceDate "2014.08.29"]
[SourceVersion "1"]
[SourceVersionDate "2014.08.29"]
[SourceQuality "1"]

1. d4 Nf6 2. c4 g6 3. g3 c5 4. d5 b5 5. cxb5 a6 6. bxa6 Bg7 7. Bg2 d6 8. Nc3 Bxa6 9. Nf3 0-0 10. 0-0 Nbd7 11. h3 Qa5 12. Qc2 Nb6 13. Rd1 Ne8 14. Nd2 Nc4 15. Nxc4 Bxc4 16. Bd2 Qa6 17. Bf1 Qb7 18. b3 Ba6 19. Rab1 Nc7 20. a4 Nxd5 21. Bg2 e6 22. Nxd5 exd5 23. Bc3 Bxc3 24. Qxc3 Qe7 25. Bxd5 Rab8 26. e3 Rb4 27. Rb2 Bc8 28. Bg2 Be6 29. Qd2 Rfb8 30. Qxd6 Qa7 31. Ra1 c4 32. a5 Rxb3 33. Rba2 c3 34. Bd5 Bxd5 35. Qxd5 Qa6 36. Rc1 Rb1 37. Qd1 R1b2 38. Ra3 Qf6 39. Qe1 c2 40. a6 Ra8 41. Qf1 Qd6 42. Raa1 Qc5 43. Qd3 h5 44. h4 Kh7 45. Kh2 Ra7 46. Ra3 Qb6 47. Qc3 Rc7 48. Qxc7 Qxc7 49. a7 Rb1 50. a8Q Rxc1 51. Ra7 Rh1+ 52. Kxh1 c1Q+ 53. Kh2 Q1c6 54. Rxc7 Qxa8 55. Rxf7+ Kg8 56. Rf4 Qa1 57. Kg2 Kg7 58. Kf3 Qf1 59. Ke4 Qd1 60. Ke5 Qd3 61. Ke6 Qb5 62. Kd6 Kg8 63. Ke6 Qc6+ 64. Ke5 Qd7 65. Ke4 Qd1 66. Ke5 Kg7 67. Ke4 Qd2 68. Ke5 1/2-1/2

[Event "Canadian op 51st"]
[Site "Montreal"]
[Date "2014.07.21"]
[Round "4"]
[White "Pina Vega, Sulennis"]
[Black "Ramachandran, Karthik N"]
[Result "1-0"]
[WhiteElo "2317"]
[BlackElo "2153"]
[PlyCount "127"]
[EventDate "2014.07.19"]
[EventType "swiss"]
[EventRounds "9"]
[EventCountry "CAN"]
[SourceTitle "CBM 161 Extra"]
[Source "ChessBase"]
[SourceDate "2014.08.29"]
[SourceVersion "1"]
[SourceVersionDate "2014.08.29"]
[SourceQuality "1"]

1. Nf3 Nf6 2. g3 d5 3. Bg2 e6 4. d3 Be7 5. Nbd2 b6 6. 0-0 Bb7 7. e4 dxe4 8. Ng5 Nbd7 9. Ngxe4 Qc8 10. Re1 Nc5 11. Nc4 0-0 12. Nxf6+ Bxf6 13. Ne5 Bxg2 14. Kxg2 Qb7+ 15. Qf3 Qxf3+ 16. Kxf3 Rfd8 17. h4 h5 18. Bg5 Bxg5 19. hxg5 g6 20. b4 Nb7 21. c3 c5 22. b5 Rd5 23. a4 Na5 24. Rab1 Rad8 25. Re3 Kg7 26. Ke2 Ra8 27. f4 Nb7 28. Rh1 Rdd8 29. g4 hxg4 30. Nxg4 a6 31. Reh3 axb5 32. Rh7+ Kf8 33. Ne5 Nd6 34. Rh8+ Ke7 35. Nc6+ Kd7 36. Nxd8 Rxd8 37. Rxd8+ Kxd8 38. axb5 Nxb5 39. Kd2 Nc7 40. c4 b5 41. cxb5 Nxb5 42. Rc1 Nc7 43. Rxc5 Nd5 44. Rc4 Ke7 45. Ke2 Kf8 46. Kf3 Ne7 47. Ke4 Kg7 48. Ke5 Nf5 49. Rc7 Ne3 50. Kd6 Ng2 51. Rc4 Kf8 52. Kd7 Ne1 53. Rc8+ Kg7 54. Ke8 Nxd3 55. Rc7 e5 56. Rxf7+ Kg8 57. fxe5 Nxe5 58. Rf8+ Kg7 59. Ke7 Nc6+ 60. Kd7 Ne5+ 61. Ke6 Nd3 62. Rf7+ Kg8 63. Kf6 Ne5 64. Re7 1-0

[Event "Arlington DC op 2nd"]
[Site "Arlington"]
[Date "2014.06.29"]
[Round "7"]
[White "Ramachandran, Karthik N"]
[Black "Senft, Sean"]
[Result "1-0"]
[WhiteElo "2125"]
[BlackElo "1912"]
[PlyCount "137"]
[EventDate "2014.06.26"]
[EventType "swiss"]
[EventRounds "9"]
[EventCountry "USA"]
[SourceTitle "CBM 161 Extra"]
[Source "ChessBase"]
[SourceDate "2014.08.29"]
[SourceVersion "1"]
[SourceVersionDate "2014.08.29"]
[SourceQuality "1"]

1. Nf3 d5 2. g3 Nf6 3. Bg2 e6 4. c4 c6 5. b3 Bd6 6. Bb2 Nbd7 7. d4 0-0 8. 0-0 Re8 9. Nc3 b6 10. Qc2 Bb7 11. e4 dxe4 12. Nxe4 Nxe4 13. Qxe4 Nf6 14. Qe2 c5 15. Rad1 Qe7 16. Rfe1 Rad8 17. d5 exd5 18. Bxf6 Qxe2 19. Rxe2 gxf6 20. Rxe8+ Rxe8 21. Nh4 Bc8 22. Bxd5 Bc7 23. Kf1 Bh3+ 24. Bg2 Bg4 25. f3 Bc8 26. f4 Rd8 27. Re1 Bd7 28. Bd5 Kf8 29. Kf2 b5 30. Ng2 bxc4 31. Bxc4 Bg4 32. Ne3 Rd2+ 33. Be2 Bc8 34. Rc1 Bb6 35. Rc2 Rxc2 36. Nxc2 c4+ 37. Ne3 cxb3 38. axb3 Be6 39. Bd1 Ke7 40. Kf3 h6 41. Bc2 Bxe3 42. Kxe3 f5 43. Kd4 Kd6 44. b4 f6 45. Bd3 Bc8 46. Bc4 Bd7 47. Bd5 Bc8 48. Bg2 Bd7 49. Kc4 Be8 50. Bb7 Bd7 51. Ba6 Be8 52. Bc8 Bf7+ 53. Kb5 Kd5 54. Bxf5 Be8+ 55. Ka5 Kd4 56. Bc2 Ke3 57. Ba4 Bf7 58. Ka6 Kf2 59. Bc6 Kg1 60. h4 Kf2 61. g4 Kg3 62. g5 fxg5 63. hxg5 hxg5 64. fxg5 Kf4 65. Kxa7 Kxg5 66. b5 Be6 67. b6 Bc8 68. Kb8 Be6 69. Kc7 1-0

[Event "Las Vegas National op"]
[Site "Las Vegas"]
[Date "2014.06.15"]
[Round "5"]
[White "Ramachandran, Karthik N"]
[Black "Brown, Michael William"]
[Result "0-1"]
[WhiteElo "2125"]
[BlackElo "2288"]
[PlyCount "58"]
[EventDate "2014.06.13"]
[EventType "swiss"]
[EventRounds "6"]
[EventCountry "USA"]
[SourceTitle "CBM 160 Extra"]
[Source "ChessBase"]
[SourceDate "2014.07.01"]
[SourceVersion "1"]
[SourceVersionDate "2014.07.01"]
[SourceQuality "1"]

1. d4 Nf6 2. c4 e6 3. Nc3 Bb4 4. f3 d5 5. a3 Bxc3+ 6. bxc3 c5 7. cxd5 Nxd5 8. dxc5 Qa5 9. e4 Ne7 10. Be3 0-0 11. Qb3 Qc7 12. a4 Nd7 13. Qa3 f5 14. Bc4 Ne5 15. Qb3 fxe4 16. f4 Nd5 17. Bxd5 Nd3+ 18. Kd2 exd5 19. Ne2 Kh8 20. Qa3 Bg4 21. g3 Bxe2 22. Kxe2 Qf7 23. Kd2 Qh5 24. Qb3 Rac8 25. Qd1 Qg6 26. Qg1 Qa6 27. Kc2 b6 28. cxb6 Nb4+ 29. Kb2 Qe2+ 0-1